Bangladesh District Gazetteers: Khulna / (Record no. 23423)

MARC details
000 -LEADER
fixed length control field 01242cam a2200277 4500
001 - CONTROL NUMBER
control field 1728353
003 - CONTROL NUMBER IDENTIFIER
control field BDDh-ASL
005 - DATE AND TIME OF LATEST TRANSACTION
control field 20231015030235.0
008 - FIXED-LENGTH DATA ELEMENTS--GENERAL INFORMATION
fixed length control field 730912m19781971bg ab b 001 0 eng
010 ## - LIBRARY OF CONGRESS CONTROL NUMBER
LC control number 73169289
040 ## - CATALOGING SOURCE
Original cataloging agency DLC
Transcribing agency DLC
Modifying agency DLC
-- BDDh-ASL
043 ## - GEOGRAPHIC AREA CODE
Geographic area code a-bg---
050 00 - LIBRARY OF CONGRESS CALL NUMBER
Classification number DS393.4
Item number .B36
082 00 - DEWEY DECIMAL CLASSIFICATION NUMBER
Classification number 910.35492
Item number KHU
110 1# - MAIN ENTRY--CORPORATE NAME
Corporate name or jurisdiction name as entry element Bangladesh.
Subordinate unit Government of the People's Republic of Bangladesh.
-- Establishment Division.
-- Ministry of Cabinet Affairs.
245 10 - TITLE STATEMENT
Title Bangladesh District Gazetteers: Khulna /
Statement of responsibility, etc. General Editor: K. G. M. Latiful Bari.
260 ## - PUBLICATION, DISTRIBUTION, ETC.
Place of publication, distribution, etc. Dacca:
-- Dhaka:
Name of publisher, distributor, etc. Bangladesh Government Press,
Date of publication, distribution, etc. 1971-<1983>
-- 1978.
300 ## - PHYSICAL DESCRIPTION
Extent 425 p. :
Other physical details illus., fold., maps, Plates.;
Dimensions 25 cm.
504 ## - BIBLIOGRAPHY, ETC. NOTE
Bibliography, etc. note Includes bibliographies and indexes.
505 1# - FORMATTED CONTENTS NOTE
Formatted contents note [1] Chittagong.--[2] Dinajpur.--[3] Kushtia.--[4] Faridpur.--[5] Pabna.--[6] Comilla.--[7] Noakhali.--[8] Rangpur.--[9] Rajshahi.--[10] Tangail. --[12] Khulna.--[13] Mymensingh.--[14] Jessore.--[15] Bogra.--[16] Bakerganj.--[17] Patuakhali.--[18] Tangail.
650 #0 - SUBJECT ADDED ENTRY--TOPICAL TERM
9 (RLIN) 3522
Topical term or geographic name entry element District Gazetteers
651 #0 - SUBJECT ADDED ENTRY--GEOGRAPHIC NAME
Geographic name Bangladesh.
Geographic subdivision Khulna
700 1# - ADDED ENTRY--PERSONAL NAME
Personal name Bari, K. G. M. Latiful
9 (RLIN) 3525
906 ## - LOCAL DATA ELEMENT F, LDF (RLIN)
a 7
b cbc
c orignew
d 4
e ncip
f 19
g y-gencatlg
942 ## - ADDED ENTRY ELEMENTS (KOHA)
Source of classification or shelving scheme Dewey Decimal Classification
Koha item type Books
Holdings
Withdrawn status Lost status Source of classification or shelving scheme Damaged status Not for loan Collection code Home library Current library Shelving location Date acquired Source of acquisition Total Checkouts Full call number Barcode Date last seen Copy number Price effective from Koha item type Public note
    Dewey Decimal Classification   Not For Loan Non-fiction Asiatic Society Library Asiatic Society Library General Stacks 03/25/2021 ASB Library Collections   910.35492 KHU 107856 03/25/2021 C-1 03/25/2021 Books RARE
    Dewey Decimal Classification   Not For Loan Non-fiction Asiatic Society Library Asiatic Society Library General Stacks 03/25/2021 ASB Library Collections   910.35492 KHU 107858 03/25/2021 C-2 03/25/2021 Books RARE
    Dewey Decimal Classification   Not For Loan Non-fiction Asiatic Society Library Asiatic Society Library Reference 11/07/2021 ASB Library Collection   910.35492 KHU 113827 11/07/2021 C-3 11/07/2021 Books RARE

Powered by Koha